Povodňové mapy a prístupy k povodňovému modelovaniu

Potreba vylepšenia povodňových máp súvisí so zmenou zemskej klímy a častejších povodní. Veľkoplošné mapy riečnych povodní a hydraulické modely. Možnosti využitia v poisťovníctve. Slovensko v porovnaní s ČR a so svetom. Povodňové smernice EÚ.

Salvato in:
Dettagli Bibliografici
Autore principale: Garassy, Ladislav
Altri autori: Schmidt, Andrej
Natura: Capitolo di libro
Lingua:slovacco
Soggetti:
Tags: Aggiungi Tag
Nessun Tag, puoi essere il primo ad aggiungerne!!

MARC

LEADER 00000naa a2200000 4500
001 0118371
005 20231107122612.7
041 0 |a slo 
044 |a SK 
245 1 0 |a Povodňové mapy a prístupy k povodňovému modelovaniu  |c Ladislav Garassy, Andrej Schmidt 
520 |a Potreba vylepšenia povodňových máp súvisí so zmenou zemskej klímy a častejších povodní. Veľkoplošné mapy riečnych povodní a hydraulické modely. Možnosti využitia v poisťovníctve. Slovensko v porovnaní s ČR a so svetom. Povodňové smernice EÚ. 
610 2 0 |a poisťovníctvo 
610 2 0 |a poisťovne 
610 2 0 |a trh poistný 
610 2 0 |a riziko poistné 
610 2 0 |a povodne 
610 2 0 |a pohromy živelné 
610 2 0 |a škody 
610 2 0 |a informácie geografické 
610 2 0 |a mapy 
610 2 0 |a modely 
610 2 0 |a Slovensko 
610 2 0 |a Česko 
610 2 0 |a Európska únia 
100 1 |a Garassy, Ladislav 
700 1 |a Schmidt, Andrej